Statistics for Taylor Swift - Question...? Lyrics

Click here to take the quiz!

General Stats

  • This quiz has been taken 72 times
    (66 since last reset)
  • The average score is 366 of 414

Answer Stats

Answer% Correct
a
100%
A
100%
ask
100%
Can
100%
Do
100%
do?
100%
I
100%
in
100%
It
100%
it
100%
on
100%
question
100%
question?
100%
you
100%
and
97%
And
97%
But
97%
but
97%
crowded
97%
ever
97%
have
97%
Have
97%
just
97%
of
97%
one
97%
room
97%
some
97%
the
97%
We
97%
your
97%
Did
94%
did
94%
friends
94%
her
94%
her?
94%
kiss
94%
night
94%
night?
94%
someone
94%
to
94%
was
94%
were
94%
what
94%
It's
91%
Oh
91%
oh
91%
Then
91%
they
91%
too
91%
too?
91%
every
89%
fight
89%
fun
89%
had
89%
later
89%
leave
89%
middle
89%
still
89%
When
89%
wish
89%
could
86%
don't
86%
fifteen
86%
house
86%
like
86%
makin'
86%
more
86%
put
86%
Second
86%
seconds
86%
single
86%
That
86%
that
86%
touch
86%
who
86%
you'd
86%
thing
83%
you're
83%
all
80%
boy
80%
'Cause
80%
city
80%
clappin'
80%
Fuckin'
80%
girl
80%
goin'
80%
Good
80%
I'm
80%
much?
80%
my
80%
remember
80%
sad
80%
said
80%
she
80%
She
80%
up
80%
after
77%
another
77%
Big
77%
right
77%
say
77%
with
77%
wrong
77%
by
74%
choices
74%
gender
74%
know
74%
somethin'
74%
swear
74%
Before
71%
color
71%
for
71%
I've
71%
not
71%
painted
71%
politics
71%
roles
71%
sure
71%
tonight
71%
guy
69%
heard?
69%
mind
69%
nights
69%
way
69%
bad
66%
conversation
66%
Does
66%
nice
66%
saw
66%
searched
66%
That's
66%
that's
66%
away
63%
dickhead
63%
explanations
63%
eyes
63%
since
63%
feel
60%
Got
60%
situations
60%
suitable
60%
surprise
60%
what's
60%
may
57%
Miscommunications
57%
realize
57%
time?
57%
drink
54%
everything's
54%
best
51%
gray
51%
circumstances
49%
Half
49%
out
49%
strike?
49%
swept
49%
moon
46%
meteor
43%

Score Distribution

Percentile by Number Answered

Percent of People with Each Score

Your Score History

You have not taken this quiz since the last reset